000 00516nam a22001817a 4500
005 20150602162733.0
010 _aENG-112735
020 _a9789350098905
_c399.00
035 _aEN-96267
037 _bDBAD/PUB
082 _aN
100 _aSwati Chanda
245 _aDrowning fish /
_cby Swati Chanda
260 _aGurgaon
_bHachette Book Publishing
_c2015
270 _a4th & 5th Floors, Corporate Centre, Plot No.94, Sector-44,
_bGurgaon
_e122003
300 _a326p.
_c21cm(pbk)
942 _2ddc
_cEN
_mSWA
_hN
999 _c93107
_d93107